Friend of my youth (Record no. 324871)

000 -LEADER
fixed length control field 00345 a2200133 4500
001 - CONTROL NUMBER
control field 89798
003 - CONTROL NUMBER IDENTIFIER
control field NUST
082 ## - DEWEY DECIMAL CLASSIFICATION NUMBER
Classification number 813.54 MUN
100 ## - MAIN ENTRY--PERSONAL NAME
Personal name Munro Alice
9 (RLIN) 9834
245 ## - TITLE STATEMENT
Title Friend of my youth
Remainder of title stories of flo and rose
Statement of responsibility, etc. Alice Munro
260 ## - PUBLICATION, DISTRIBUTION, ETC.
Place of publication, distribution, etc. London
Name of publisher, distributor, etc. Vintage Books
Date of publication, distribution, etc. 2004
300 ## - PHYSICAL DESCRIPTION
Extent iv, 280p.
500 ## - GENERAL NOTE
General note General Books
942 ## - ADDED ENTRY ELEMENTS (KOHA)
Institution code [OBSOLETE] CAE NUST
Koha item type Book
Call number prefix 813.54 MUN
Source of classification or shelving scheme
Holdings
Withdrawn status Lost status Damaged status Not for loan Collection code Permanent Location Current Location Date acquired Total Checkouts Full call number Barcode Date last seen Price effective from Koha item type
          College of Aeronautical Engineering (CAE) College of Aeronautical Engineering (CAE) 04/03/2017   813.54 MUN CAE86834 04/05/2017 04/05/2017 Book
© 2023 Central Library, National University of Sciences and Technology. All Rights Reserved.